Online Catalogue and eLibrary

Liberation on the village : (Record no. 2231)

MARC details
000 -LEADER
fixed length control field 00259nam a2200097Ia 4500
008 - FIXED-LENGTH DATA ELEMENTS--GENERAL INFORMATION
fixed length control field 240331s9999 xx 000 0 und d
082 ## - DDC Classification
Item Number - Author Mark LIB
100 ## - MAIN ENTRY--PERSONAL NAME
Personal name Logos. ed
245 #0 - TITLE STATEMENT
Title Liberation on the village :
Remainder of title transport and health- Logos, Vol. 16, No. 1
942 ## - Koha item type (Biblio)
Koha item type Books in Stacks (Lending)
Holdings
Lost status Damaged status Collection code Home library Current library Shelving location Date acquired Full call number Accession Number Item type
    Lending WERC Library WERC Library Social Science Cupboard 03/31/2024 307.72 LIB 226 Books in Stacks (Lending)

© WERC Library